000 00682cam a2200241 a 4500
001 1509821
005 20180828050456.0
008 890605s1990 njua b 001 0 eng
010 _a 89035144
020 _a0137845057
040 _aDLC
_cDLC
_dDLC
041 _aeng
043 _ae-ur---
080 _a947.084
082 0 0 _a947.084
_220
100 1 _a16
101 _aHIS
245 1 0 _aRussia :
_cWoodford McClellan.
504 _aIncludes bibliographical references.
906 _a7
_bcbc
_corignew
_d1
_eocip
_f19
_gy-gencatlg
942 _2ddc
_cBK
999 _c47374
_d47374